Представление документа в формате RUSMARC

ПолеНазваниеЗначение
  Тип записи a
  Библиографический уровень a
001 Контрольный номер UONB/MAIN/3eba494a1d6149569d2ea6c1a75bf089
005 Дата корректировки 20250605101446.3
100 Данные общей обработки __
a Данные общей обработки 20250110a2023 |||c0rusy0189 ca
101 Язык документа 0_
a Язык текста rus
102 Страна публикации __
a Страна публикации RU
200 Заглавие и сведения об ответственности 1_
a Заглавие Я молюсь за тебя, я молюсь!
e Сведения, относящиеся к заглавию стихи
f Первые сведения об ответственности Т. Мельник
203 Вид содержания и тип средства __
a Вид содержания Текст
b Характеристика содержания визуальный
c Тип средства непосредственный
327 Примечание о содержании 01
a Примечание о содержании Я молюсь
a Примечание о содержании Мы - русские!
a Примечание о содержании Вяжу носки, как бабушка когда-то
a Примечание о содержании Она молилась
461 Уровень набора _0
1 2000
a Симбирскъ
463 Уровень физической единицы _0
1 2000
a № 6 (105)
v С. 109
1 2101
d 2023
1 001RU/REG73/CBS_GRAD/3d1dc59fbd6041a8953e4cc214fb677f
606 Тематические рубрики 0_
a Основная рубрика Стихи (х.л.)
610 Ключевые слова 0_
a Ключевые слова стихи
686 Индексы других классификаций __
2 Код системы rubbk
a Классификационный индекс 84(2 Рос=Рус)6
700 Автор _1
a Фамилия Мельник
b Имя (инициалы) Т.
g Полное личное имя Татьяна
4 Код отношения 070
801 Источник записи _0
a Страна RU
b Организация 1
c Дата составления 20250110
g Правила каталогизации RCR
801 Источник записи _1
a Страна RU
b Организация RuCBSGrad
c Дата составления 20250110
g Правила каталогизации RCR
852 Данные о местонахождении __
a Наименование организации МБУК ЦБС г. Димитровграда
901 Тип документа __
t Тип документа b
w Контрольный № источника RU/REG73/CBS_GRAD/3d1dc59fbd6041a8953e4cc214fb677f
909 Создатель записи __
a Создатель записи Тенигина
b Дата создания записи 20250110